| 000 | 00492nam a2200169 a 4500 | ||
|---|---|---|---|
| 001 | 2512 | ||
| 005 | 20140414131851.0 | ||
| 008 | 050602s19uu xx 00 eng d | ||
| 020 | _a0-669-04161-0 | ||
| 050 |
_aM 510.7 _bR82 1983 |
||
| 100 | _aRucker, Walter E. | ||
| 245 |
_aHeath mathematics / _cWalter E. Rucker, et al. |
||
| 260 |
_aLexington, Massachusetts : _bD C. Heath and Company, _c1983. |
||
| 300 | _a442 p. ; cm. | ||
| 650 |
_aMathematics _xJuvenile literature. |
||
| 999 |
_c110185 _d110185 |
||